|
|
|
|
| LEADER |
02573nam a2200481 a 4500 |
| 001 |
mzk03001064312 |
| 003 |
CZ BrMZK |
| 005 |
20260213152218.0 |
| 007 |
ta |
| 008 |
080708e14891106fr fr|||||00| ||latod |
| 040 |
|
|
|a BOA001
|b cze
|
| 072 |
|
7 |
|a 093
|x Prvotisky
|2 Konspekt
|9 12
|
| 080 |
|
|
|a (0.068)093
|2 MRF
|
| 100 |
1 |
|
|a Reuchlin, Johannes,
|d 1455-1522
|7 jn20000701494
|4 aut
|
| 245 |
1 |
0 |
|a Vocabularius breviloquus, etc.
|
| 260 |
|
|
|a Argentinae :
|b t. Jordani [= Georg Husner] in die S. Leonardi [6.11.],
|c 1489
|
| 300 |
|
|
|a [322] listů ;
|c 2°
|
| 500 |
|
|
|a Výzdoba: 1 malovaná iniciála s rozvilinami, kromě toho 2 rozviliny samostatné, rubriky žlutě, místy též červeně
|
| 500 |
|
|
|a Kolace: Aa6, a8, b8, c8, d8, e6, f8, g8, h6, i8, k8, l6, m8, n8, o6, p8, q6, r8, s6, t8, v6, x8, y6, z8, A6, B8, C6, D6, E6, F8, G6, H6, J8, K6, L6, M8, N6, O8, P6, Q8, R6, S6, T8, U6, X8, Y5
|
| 510 |
4 |
|
|a ISTC,
|c ir00167000
|u https://data.cerl.org/istc/ir00167000
|
| 510 |
4 |
|
|a Balcar, D. Soupis prvotisků františkánské knihovny v Praze
|c 99
|
| 510 |
4 |
|
|a Catalogue of books printed in the 15. century now in the British Museum,
|c I, 139
|
| 510 |
4 |
|
|a Copinger, W.A. Supplement to Hain´s Repertorium Bibliographicum,
|c II, 2819=6294
|
| 510 |
4 |
|
|a Dokoupil, V. Soupis prvotisků, spravovaných Universitní knihovnou v Brně,
|c 986
|
| 510 |
4 |
|
|a Louda, J. Soupis prvotisků Universitní knihovny v Olomouci a její pobočky v Kroměříži,
|c 1592
|
| 510 |
4 |
|
|a Reichling, D. Appendices ad Hainii-Copingeri Repertorium Bibliographicum,
|c 6294
|
| 510 |
4 |
|
|a Schram, W. Die Incunabeln des Franzens-Museums,
|c 16
|
| 510 |
4 |
|
|a Zahradník, I. Prvotisky knihovny strahovské. In Věstník České akademie cís. Františka Josefa pro vědy, slovesnost a umění, roč. 11 (1902),
|c 619
|
| 561 |
|
|
|a Provenience: Provenienční záznam odstřižen, podle vazby však [Biblioth. Conv. ad SS Joannes Ord. Min. S.P. Franc. Conv. Brunae]
|
| 561 |
|
|
|a Provenience: [razítko] K. K. m. s. Ackerbau Gesells. 1820
|
| 563 |
|
|
|a Vazba brněnských minoritů
|
| 590 |
|
|
|a Chybí první (titulní) list, list l1 a poslední (prázdný)
|
| 655 |
|
7 |
|a prvotisky
|7 fd422077
|2 czenas
|
| 903 |
|
|
|a RP
|
| 910 |
|
|
|a BOA001
|b PT2-0008.474
|
| 978 |
|
|
|b Husner, Georg
|a Strasbourg
|c 1489
|
| 978 |
|
|
|b Tiskař Jordana de Quedlinburg
|a Strasbourg
|c 1489
|
| 984 |
|
|
|a Štrasburk
|b Francie
|
| 985 |
|
|
|a 1451-1500
|
| 990 |
|
|
|a BK
|
| 993 |
|
|
|a Y
|
| 991 |
|
|
|k mzk
|
| 996 |
6 |
|
|b 2619312541
|c PT2-0008.474
|l stud. ST
|r Sklad / do násl. otevíracího dne
|n 0
|w 001068089
|u 000010
|a 1
|e BOA001
|s P
|